000 00509nam a2200217Ia 4500
003 0100
008 130303s9999 xx 000 0 und d
020 _a0521447445
040 _cARRUPELIB
050 _aBJ1533.J9064 2000
100 _aO'Neill, Onora
245 _aBounds of Justice
260 _aCambridge
260 _bCambridge University Press
260 _C2000
300 _aix
300 _b 219p. 24cm.
650 _aETHICS
650 _bMetaphysics - Early works to 1800
942 0 0 _07
999 _c13142
_d13142